000 00868nam a22002175i 4500
001 167544
003 ES-MaACL
005 20250511122604.0
008 000727s1881 sp af |||| | spa d
040 _aCCPB | B
_bspa
_cCCPB | B
100 1 _aVilar y Pascual, Luis.
_9133723
245 1 0 _aHistoria genealógica, heráldica y biográfica del gran Calderon de la Barca /
_cescrita por Luis Vilar y Pascual.
260 _aMadrid :
_b[s.n.],
_c1881 (
_fimprenta de J. M. Lapuente)
300 _a56 p., [1] h. de grab. ;
_c23 cm.
599 _aLas h. de grab. litogr.: ¨Lit. E. Ayuso¨, es un escudo heráldico ¨Por la fé moriré¨.
600 1 4 _aCalderón de la Barca, Pedro,
_d1600-1681
_9239594
650 1 4 _a
_9239574
852 _aES-MaACL
_jFol-Laf-269
_z-- Rúst.
_z-- Legado de Modesto de la Fuente
942 _2udc
999 _c167544
_d167544